| 000 | 01502nam a22002775i 4500 | ||
|---|---|---|---|
| 001 | 166613 | ||
| 003 | ES-MaACL | ||
| 005 | 20251001202406.0 | ||
| 008 | 950206s1847 sp |||| | spa d | ||
| 040 |
_aAR _bspa _cCCPB | PA2 |
||
| 245 | 0 | 4 |
_aLas tres coronas en el aire _b: conferencias en los palacios imaginarios entre los... cardenales Richelieu, Mazarini y el protector de Inglaterra, Oliverio Cromwel sobre los negocios del otro mundo / _cpor D. Francisco Quevedo y Villegas. |
| 260 |
_aMadrid : _b[s.n.], _c1847 ( _fImp. de El Correo) |
||
| 300 |
_a226 p. ; _c15 cm. |
||
| 490 | 1 | _aColeccion selecta de autores clasicos | |
| 594 | _aEn la port. consta: "No publicadas hasta ahora en ninguna de las reimpresiones que se han hecho de sus obras" | ||
| 594 | _aPalau, XIV, 244369 recoge la siguiente nota: " Según nota ms. en un ejemplar ms. que se halla en la Real Academia de la Historia, es de don José Arnolfini de Ornolfini de Illescas" | ||
| 596 | _aEn cub.: Imprenta de Santiago Rojo, Calle de Jardines, 46. | ||
| 600 | 1 | 4 |
_aRichelieu, Armand Jean du Plessis, _cduc de, _d1585-1642 _996947 |
| 600 | 1 | 7 |
_aMazarin, Jules, _d1602-1661 _2 _9129767 |
| 600 | 1 | 4 |
_aCromwell, Oliver. _941689 |
| 700 | 1 |
_aQuevedo, Francisco de, _d1580-1645 _994591 |
|
| 700 | 1 |
_aArnolfini de Illescas, José _c(O.Cist.) _9158510 |
|
| 830 | 0 |
_aColeccion selecta de autores clasicos _9222563 |
|
| 852 |
_aES-MaACL _jR-1771 _z-- Rúst. _x-- T300: 226 p.Olim: D-3930 |
||
| 999 |
_c166613 _d166613 |
||